Arctic Monkeys Lyrics - Settle For A Draw - Statistics

General Stats
  • This quiz has been taken 36 times
  • The average score is 202 of 291
Answer Stats
Lyrics % Correct
a
96%
you
96%
You
96%
draw
91%
draw?
91%
draw,
91%
for
91%
I
91%
set
91%
settle
91%
four!
87%
no
87%
One,
87%
One
87%
one
87%
three,
87%
to
87%
two,
87%
we
87%
and
83%
And
83%
and...
83%
on
83%
The
83%
the
83%
not
78%
said,
78%
say
78%
that
78%
he
74%
It
74%
it
74%
more
74%
of
74%
should
74%
So
74%
so
74%
used
74%
Well,
74%
well
74%
your
74%
be
70%
can
70%
get
70%
(Oh,
70%
Oh,
70%
you're
70%
but
65%
But
65%
do
65%
Frankie
65%
gonna
65%
is
65%
is,
65%
Why
65%
don't
61%
Don't
61%
every
61%
her
61%
if
61%
I'm
61%
it's
61%
that's
61%
That's
61%
there's
61%
alone
57%
another
57%
in
57%
might
57%
something
57%
tangle
57%
told
57%
tones
57%
watch
57%
weekend
57%
words
57%
all
52%
am
52%
Apparently
52%
back
52%
best
52%
different
52%
just
52%
leave
52%
one's
52%
only
52%
revolution
52%
rules
52%
same
52%
start
52%
suppose
52%
sure,
52%
sure
52%
take
52%
then
52%
way
52%
answering
48%
available
48%
beginner
48%
ends
48%
fall
48%
minute,
48%
once
48%
out
48%
right,
48%
winner
48%
With
48%
casually
43%
fire
43%
jerrycan
43%
next
43%
nowt
43%
speaking
43%
trap
43%
up
43%
flame
39%
goes
39%
let's
39%
sets
39%
fuel
35%
she'll
35%
time
30%
time,
30%
pour
26%
innit?)
17%
point
13%
man)
9%
count
4%
faster,
4%
whole
4%
gotta
0%
(Roll
0%
No matching quizzes found
Score Distribution
Percent of People with Each Score
Percentile by Number Answered
Your Score History
You have not taken this quiz